000 00416nam a2200145Ia 4500
008 240729s9999 xx 000 0 und d
022 _a2772-6363
245 0 _aJournal of Association of Pulmonologist of Tamil Nadu
260 _aIndia
260 _bWolters Kluwer Medknow Publications
650 _aMedicine
856 _uhttps://doaj.org/toc/50595c6b656c4897bab9a08007c21fc8
942 _2ddc
942 _cDOAJEJ
999 _c72258
_d72258
945 _a1
_bMadushi Gamage
_c1
_dMadushi Gamage